[Event "Heusenstamm Sparkassen op-B 2nd"]
[Site "Heusenstamm"]
[Date "2015.11.27"]
[Round "2"]
[White "Fiekas, Niklas"]
[Black "Milner, Ovchia"]
[Result "1-0"]
[WhiteElo "1544"]
[BlackElo "1445"]
[PlyCount "81"]
[EventDate "2015.11.26"]
[EventType "swiss"]
[EventRounds "7"]
[EventCountry "GER"]
[SourceTitle "EXT 2018"]
[Source "ChessBase"]
[SourceDate "2017.10.13"]
[SourceVersion "1"]
[SourceVersionDate "2017.10.13"]
[SourceQuality "1"]

1. d4 Nf6 2. c4 g6 3. Nc3 Bg7 4. e4 d6 5. Nf3 0-0 6. Be2 Nbd7 7. 0-0 Re8 8. Ne1 e5 9. d5 Nf8 10. Be3 h5 11. Nd3 Ng4 12. Bxg4 hxg4 13. f3 gxf3 14. Qxf3 f6 15. Rac1 b6 16. Nb4 Bb7 17. Nb5 a6 18. Nc3 Qc8 19. Nc6 Qd7 20. Nb4 a5 21. Nd3 c6 22. Rf2 f5 23. Rcf1 f4 24. Bd2 Nh7 25. dxc6 Bxc6 26. Nd5 Ng5 27. Qe2 f3 28. Qe3 Bxd5 29. cxd5 Bh6 30. Kh1 Rf8 31. h4 fxg2+ 32. Kxg2 Rxf2+ 33. Rxf2 Nf7 34. Qg3 Kh7 35. Bxh6 Kxh6 36. Rf6 Nh8 37. Rxd6 Qc7 38. Rc6 Qe7 39. Nxe5 Rg8 40. Ng4+ Kh5 41. Nf6+ 1-0